000 01660cam a2200373 i 4500
001 20201982
005 20250324130326.0
008 171213s2018 ne a b 001 0 eng
010 _a 2017059717
020 _a9781138068582 (hardcover : alk. paper)
020 _z9781315157771 (eBook)
040 _aDLC
_beng
_cDLC
_erda
_dDLC
042 _apcc
050 0 0 _aTC175
_b.P73 2018
082 0 0 _a627.042 KNI
_223
100 1 _aKnight, Donald W.,
_eauthor.
_924687
245 1 0 _aPractical channel hydraulics :
_broughness, conveyance and afflux /
_cDonald W. Knight
250 _a2nd edition.
264 1 _aLeiden, The Netherlands :
_bCRC Press/Taylor & Francis Group,
_c[2018]
300 _axxviii, 605 pages :
_billustrations (some color) ;
_c26 cm
336 _atext
_btxt
_2rdacontent
337 _aunmediated
_bn
_2rdamedia
338 _avolume
_bnc
_2rdacarrier
504 _aIncludes bibliographical references and indexes.
650 0 _aChannels (Hydraulic engineering)
700 1 _aHazlewood, Caroline,
_eauthor.
_9111864
700 1 _aLamb, Rob,
_eauthor.
_9111865
700 1 _aSamuels, Paul G.,
_eauthor.
_9111866
700 1 _aShiono, Koji,
_eauthor.
_9111867
776 0 8 _iOnline version:
_aKnight, Donald W., author.
_tPractical channel hydraulics
_b2nd edition.
_dLeiden, The Netherlands : CRC Press/Balkema, [2018]
_z9781315157771
_w(DLC) 2017059978
906 _a7
_bcbc
_corignew
_d1
_eecip
_f20
_gy-gencatlg
942 _2ddc
_cBK
999 _c610680
_d610680